| 000 | 01600cam a2200337 a 4500 | ||
|---|---|---|---|
| 005 | 20080709035752.0 | ||
| 008 | 080305s2008 enk 001 0 eng | ||
| 010 | _a 2008010116 | ||
| 015 |
_aGBA817348 _2bnb |
||
| 016 | 7 |
_a014519039 _2Uk |
|
| 020 | _a9780199231621 | ||
| 020 | _z0199231621 | ||
| 035 | _a(OCoLC)192027098 | ||
| 043 | _ae-uk--- | ||
| 050 | 0 | 0 |
_aKD4080 _b.S76 2008 |
| 082 | 0 | 0 |
_a342.4108/5 _222 |
| 049 | _aRAUA | ||
| 100 | 1 |
_aStone, Richard, _d1951 Mar. 7- |
|
| 245 | 1 | 0 |
_aTextbook on civil liberties and human rights / _cRichard Stone. |
| 246 | 3 | 0 | _aCivil liberties and human rights |
| 250 | _a7th ed. | ||
| 260 |
_aOxford ; _aNew York : _bOxford University Press, _c2008. |
||
| 300 |
_axl, 566 p. ; _c25 cm. |
||
| 500 | _aIncludes index. | ||
| 505 | 0 | _aThe human rights act 1998 : overview -- Freedom of the person I : stop, search, and arrest -- Freedom of the person ll : detention and questioning -- Entry, search, seizure, and surveillance -- Terrorism and human rights -- Freedom of assembly and public order -- Freedom of expression I : official secrets and freedom of information -- Freedom of expression II : contempt of court -- Freedom of expression III : obscenity and indecency -- Protection of reputation and privacy -- Extradition and deportation -- Freedom from discrimination. | |
| 504 | _aIncludes bibliographical references and index. | ||
| 650 | 0 |
_aCivil rights _zGreat Britain. |
|
| 650 | 0 |
_aHuman rights _zGreat Britain. |
|
| 994 |
_a02 _bRAU |
||
| 999 |
_c438 _d438 |
||